All NCS13 Songs - Statistics

General Stats
  • This quiz has been taken 20 times
  • The average score is 10 of 13
Answer Stats
Creator Title % Correct
Unknown Brain (ft. Rarin & Bri Tolani) Wonder
100%
Tobu Faster
93%
Jay Eskar, ESCARGOT, SNAILS (ft. Justin J. Moore) Earthquake
86%
Spektrem Shine (Always Mirin Remix)
86%
DJ FKU Executioner
79%
RIOT & Sippy Pump Up The Bassline
79%
Unlike Pluto Time Is Eating
79%
Chime Win & Lose
79%
Guy Arthur AIN'T MISS A CALL
71%
Netrum Always Be
71%
Slippy & Josh Rubin Crash
71%
LXNGVX Follow Back
64%
Sync, Roby Fayer, Eytan Peled Why So Serious
64%
No matching quizzes found
Score Distribution
Percent of People with Each Score
Percentile by Number Answered
Your Score History
You have not taken this quiz